| 000 | 00591nam a22001817a 4500 | ||
|---|---|---|---|
| 003 | CEME | ||
| 005 | 20210628201709.0 | ||
| 008 | 210204b xxu||||| |||| 00| 0 eng d | ||
| 020 | _a81-203-2611-3 | ||
| 040 | _c. | ||
| 082 | _a620.1 PAU | ||
| 100 |
_aPaul, Akshoy Ranjan ,Roy, Pijush ,Mukherjee, Sanchayan _956400 |
||
| 245 | _aMechanical sciences ,engineering mechanics and strength of materials | ||
| 260 |
_aNEW DLEHI _bPRENTICE HALL OF INDIA _c2004 |
||
| 300 | _aXVII, 573P | ||
| 650 |
_aMECHANICAL SCIENCES.ENGINEERING MECHANICS AND STRENGTH OF MATERIALS _956401 |
||
| 942 |
_cBK _2ddc |
||
| 999 |
_c566831 _d566831 |
||